POKYN DR SR K VYBERANIU SPRÁVNYCH POPLATKOV DAŇOVÝMI ÚRADMI PODĽA ZÁKONA Č. 145/1995 Z. Z. O SPRÁVNYCH POPLATKOCH V ZNENÍ NESKORŠÍCH PREDPISOV

Bibliographic Details
Format: Article
Language:Slovak

MARC

LEADER 00000nab a2200000ua 4500
001 vtls010849053
003 SK-MaSNL
005 20260225184237.0
008 230121s2009 xo |||||||||||||||||slo|
035 |a (urnnbn)urn:nbn:sk:snk:ar-a07926 
035 |a urn:nbn:sk:snk-ab69ua 
035 |a (uuid)2d03abd1-a141-4a56-a24e-478ee3f4cd93 
040 |a SNKBUCL  |b slo  |c SNKBUCL  |e AACR2 
041 0 |a slo 
044 |a xo  |c SK 
245 0 0 |a POKYN DR SR K VYBERANIU SPRÁVNYCH POPLATKOV DAŇOVÝMI ÚRADMI PODĽA ZÁKONA Č. 145/1995 Z. Z. O SPRÁVNYCH POPLATKOCH V ZNENÍ NESKORŠÍCH PREDPISOV 
773 0 |t Manažment, mzdy a financie : časopis pre ekonómov, podnikateľov, podniky a organizácie  |g Roč. 16, č. 5-6 (2009), s. 213-223 
954 |a odborná, vedecká literatúra pôvodná (slovenská)  |2 lita 
958 |a OND 
958 |a EUIPO 
958 |a article5 
999 |c 1877613  |d 1879543